Представление документа в формате RUSMARC

ПолеНазваниеЗначение
  Тип записи a
  Библиографический уровень m
001 Контрольный номер RU/SLIB/B/208729893
005 Дата корректировки 20201206204020.9
010 Индекс ISBN __
d Цена 3-20
101 Язык документа __
a Язык текста rus
200 Заглавие и сведения об ответственности 0_
a Заглавие Советская экономика накануне и в период Великой Отечественной войны, 1938-1945 гг.
e Сведения, относящиеся к заглавию в 7 т.
f Первые сведения об ответственности редкол.: В. А. Виногpадов [и др.]
b Общее обозначение материала Текст
210 Выходные данные __
a Место издания М.
c Издательство Наука
d Дата издания 1978
215 Физическое описание __
a Объем 565 с.
c Иллюстрации/тип воспроизводства ил.
461 Уровень набора __
1 2001
a История социалистической экономики СССР
v Т. 5
606 Тематические рубрики __
a Основная рубрика Экономика
z Хронологическая подрубрика 1938-1945 гг.; 20 в.; 20 в. 30-е гг.; 20 в. 40-е гг.
y Географическая подрубрика СССР
606 Тематические рубрики __
a Основная рубрика Экономическая история
610 Ключевые слова __
a Ключевые слова Великая Отечественная война; развитое социалистическое общество; третья пятилетка; пятилетки; советская экономика; оборонная промышленность; машиностроение; электроэнергетика; топливная промышленность; металлургия; химическая промышленность; легкая промышленность; пищевая промышленность; союзные республики; сельское хозяйство; транспорт; финансы; денежное обращение; мобилизация средств населения; государственные займы; финансовая политика; образование; здравоохранение; народное образование; советская наука; культура; внешняя экономика; антигитлеровская коалиция; экономическая помощь
686 Индексы других классификаций __
a Классификационный индекс 65.03(2)6
686 Индексы других классификаций __
a Классификационный индекс 63.3(2)622-2
801 Источник записи _0
a Страна RU
b Организация Муниципальное бюджетное учреждение культуры "Централизованная библиотечная система" г. Сургут (Центральная городская библиотека им. А. С. Пушкина)
g Правила каталогизации КиК/Лебедева
801 Источник записи _1
a Страна RU
b Организация Муниципальное бюджетное учреждение культуры "Централизованная библиотечная система" г. Сургут (Центральная городская библиотека им. А. С. Пушкина)
g Правила каталогизации КиК/Лебедева
852 Данные о местонахождении __
j Шифр хранения 65.03(2)6
c Каталожный индекс 63.3(2)6-2; 63.3(2)61-2
i Авторский знак И 90
p Инвентарный номер 16236(п)
901 Тип документа __
t Тип документа m
990 Данные о заказе (DOS) __
j Количество экземпляров (DOS) 1